000 00412nam a22001697a 4500
005 20160627113739.0
008 160627b xxu||||| |||| 00| 0 eng d
020 _a0-19-850229-X
041 _aeng
082 _b10278
100 _aPrica, Nicholas C and Stevens, Lewis
_92891
245 _aFundamentals of enzyonology
260 _bOxford
_c2003
300 _a448
650 _aAgriculture
_92837
942 _cBK
999 _c4213
_d4212